00313nam a2200097Ia 4500008004100000082000800041100003500049245011000084942000600194999001500200240331s9999 xx 000 0 und d bUYA aUyangoda,J and Neloufer de mel 0aReframing Democracy :bPerspectives on the Cultures of Inclusion and Exclusion in Contemporary Sri Lanka  cL c5763d5763